| 000 | 01190nas a2200337 4500 | ||
|---|---|---|---|
| 001 | BR8101976 | ||
| 003 | BR-BrBNA | ||
| 005 | 20231205084619.0 | ||
| 007 | ta | ||
| 008 | 230509b bl.|||p| |||| 00| 00por d | ||
| 040 |
_aBR-BrBNA _bpor _cBiblioteca Nacional de Agricultura |
||
| 041 | _a(Pt) | ||
| 072 | _aL72; L70 | ||
| 100 | 1 | _aFan, L.C.R. | |
| 100 | 1 | _aSantos, L.T. dos | |
| 100 | 1 | _aSusko, I. | |
| 100 | 1 | _aFlores, M.L. | |
| 245 | 1 | _aResposta dos reticulocitos em bovinos da raca charolesa submetidos a premunicao [Anaplasmose; Babesiose; Julio de Castilhos; Rio Grande do Sul; Brasil] | |
| 246 | 1 | _aReticulocyte response in bovine of charolais breed submitted to premunition [Anaplasmosis; Babesiosis; Julio de Castilhos; Rio Grande do Sul; Brazil] | |
| 650 | _aPraga de animal | ||
| 650 | _aVeterinaria | ||
| 650 | _aGado de corte | ||
| 650 | _aAnaplasmose | ||
| 650 | _aBabesiose | ||
| 650 | _aDefesa animal | ||
| 650 | _aDiagnostico | ||
| 650 | _aRio Grande do Sul | ||
| 773 | 0 |
_tRevista do Centro de Ciencias Rurais (Brazil) _xISSN 0085-5901 _g(Sep 1980), v. 10(3) p. 267-270 _wBR8101976 |
|
| 909 |
_a202311 _bLúcia _c55 _dLúcia Elande |
||
| 942 |
_2AGRIS _n0 _cANA |
||
| 999 |
_c106255 _d106255 |
||